[Event "Polar Capital Jersey op"]
[Site "St Helier"]
[Date "2018.03.31"]
[Round "1.1"]
[White "House, Glenn L"]
[Black "Vakhidov, Jakhongir"]
[Result "0-1"]
[WhiteElo "2188"]
[BlackElo "2542"]
[PlyCount "76"]
[EventDate "2018.03.31"]
[EventType "swiss"]
[EventRounds "9"]
[EventCountry "JCI"]

1. Nf3 c5 2. d3 Nc6 3. g3 g6 4. Bg2 Bg7 5. O-O d5 6. Nbd2 Nf6 7. e4 O-O 8. Re1
e5 9. c3 h6 10. exd5 Nxd5 11. Nc4 Re8 12. a4 Bf5 13. Nh4 Be6 14. Nf3 Qc7 15. a5
Rad8 16. Nfd2 f5 17. Qa4 Rb8 18. Qb5 a6 19. Qa4 Bf7 20. Nb3 Bf8 21. Ne3 Nf6 22.
Nc4 Rbd8 23. Be3 Rxd3 24. Bxc5 e4 25. Bxf8 Rxf8 26. Bf1 Rdd8 27. Nc5 Ng4 28.
Be2 Nce5 29. Nxe5 Nxe5 30. Nb3 f4 31. Nd4 e3 32. gxf4 exf2+ 33. Kxf2 Bd5 34.
Kg3 Nd3 35. Bxd3 Qxf4+ 36. Kh3 Qg5 37. Rg1 Qh5+ 38. Kg3 g5 0-1

[Event "Polar Capital Jersey op"]
[Site "St Helier"]
[Date "2018.03.31"]
[Round "1.2"]
[White "Hillarp Persson, Tiger"]
[Black "Safarian, Alek"]
[Result "1-0"]
[WhiteElo "2541"]
[BlackElo "2024"]
[PlyCount "62"]
[EventDate "2018.03.31"]
[EventType "swiss"]
[EventRounds "9"]
[EventCountry "JCI"]

1. c4 e6 2. Nc3 d5 3. d4 c6 4. Nf3 dxc4 5. g3 b5 6. Bg2 Bb7 7. O-O Nd7 8. e4
Ngf6 9. e5 Nd5 10. Ng5 Be7 11. Qh5 g6 12. Qh6 Bf8 13. Qh3 Nxc3 14. bxc3 Qc7 15.
a4 Nb6 16. Ne4 Nd5 17. Bg5 h5 18. Rfe1 a5 19. Nf6+ Nxf6 20. Bxf6 Rh7 21. axb5
cxb5 22. d5 Ra6 23. d6 Qd7 24. Red1 Bc8 25. Qh4 Bg7 26. Rdb1 Kf8 27. Bxg7+ Kxg7
28. Qd4 f6 29. f4 Kh6 30. Qc5 Bb7 31. exf6 Qxd6 1-0

[Event "Polar Capital Jersey op"]
[Site "St Helier"]
[Date "2018.03.31"]
[Round "1.3"]
[White "Klingher, Dominic"]
[Black "Pruijssers, Roeland"]
[Result "0-1"]
[WhiteElo "2173"]
[BlackElo "2523"]
[PlyCount "45"]
[EventDate "2018.03.31"]
[EventType "swiss"]
[EventRounds "9"]
[EventCountry "JCI"]

1. e4 e5 2. Nc3 Nf6 3. Bc4 Nc6 4. d3 Bb4 5. Bg5 h6 6. Bh4 d6 7. Nge2 Be6 8. O-O
g5 9. Bg3 h5 10. h4 Ng4 11. Nd5 gxh4 12. Bh2 Ba5 13. d4 Qg5 14. f4 Qg7 15. Qd3
exd4 16. b4 Bxd5 17. Bxd5 Bb6 18. Bxc6+ bxc6 19. e5 Rg8 20. Qf3 d5 21. Kh1 Ne3
22. Rf2 Qg4 23. Qxg4 0-1

[Event "Polar Capital Jersey op"]
[Site "St Helier"]
[Date "2018.03.31"]
[Round "1.4"]
[White "Speelman, Jon S"]
[Black "Stewart, Ashley"]
[Result "1-0"]
[WhiteElo "2501"]
[BlackElo "2148"]
[PlyCount "149"]
[EventDate "2018.03.31"]
[EventType "swiss"]
[EventRounds "9"]
[EventCountry "JCI"]

1. d4 Nf6 2. Nf3 g6 3. Bf4 Bg7 4. e3 d6 5. h3 O-O 6. Be2 c5 7. c3 b6 8. O-O Bb7
9. Nbd2 Nbd7 10. Bh2 Ne4 11. Nxe4 Bxe4 12. a4 a6 13. b4 Qc7 14. Nd2 Bb7 15. a5
cxb4 16. axb6 Nxb6 17. cxb4 Nd5 18. Qb3 Qc3 19. Qxc3 Nxc3 20. Bd3 Nd5 21. Rfb1
Rfb8 22. Bg3 Bc6 23. Rxa6 Rxa6 24. Bxa6 Rxb4 25. Rc1 Rb6 26. Be2 Rb2 27. Rxc6
Rxd2 28. Bf3 Nb4 29. Rc8+ Bf8 30. Bh4 Kg7 31. Rc7 f6 32. Bg3 Kg8 33. Rb7 Nd3
34. Bd5+ Kh8 35. Kf1 Rb2 36. Rc7 Nb4 37. Be6 Rc2 38. Rb7 Na6 39. h4 Rc7 40. Rb6
Ra7 41. Bf4 Nc7 42. Bb3 Kg7 43. e4 Ra5 44. Bxd6 exd6 45. Rb7 Ra1+ 46. Ke2 Rc1
47. Kd2 Rg1 48. Rxc7+ Kh6 49. g3 Rf1 50. Ke2 Rb1 51. Bg8 Bg7 52. g4 g5 53.
hxg5+ fxg5 54. e5 Rb8 55. Bf7 Bf8 56. e6 Kg7 57. e7 Kxf7 58. exf8=Q+ Kxf8 59.
Rxh7 Rb5 60. Kd3 Rb3+ 61. Ke4 Rb2 62. f3 Rb3 63. Rh5 Rb5 64. d5 Rb4+ 65. Kf5
Rf4+ 66. Ke6 Rxf3 67. Rxg5 Re3+ 68. Kxd6 Kf7 69. Rf5+ Kg6 70. Kd7 Re4 71. d6
Rxg4 72. Rf1 Rg2 73. Kd8 Kg7 74. d7 Rc2 75. Rf4 1-0

[Event "Polar Capital Jersey op"]
[Site "St Helier"]
[Date "2018.03.31"]
[Round "1.5"]
[White "Jackson, Sheila"]
[Black "Williams, Simon K"]
[Result "0-1"]
[WhiteElo "2108"]
[BlackElo "2460"]
[PlyCount "81"]
[EventDate "2018.03.31"]
[EventType "swiss"]
[EventRounds "9"]
[EventCountry "JCI"]

1. e4 e6 2. d4 d5 3. Nd2 Nf6 4. e5 Nfd7 5. Bd3 c5 6. c3 Nc6 7. Ne2 cxd4 8. cxd4
f6 9. exf6 Nxf6 10. Nf3 Qc7 11. O-O Bd6 12. Bg5 O-O 13. Nc3 a6 14. Bh4 Nh5 15.
Bg3 Nxg3 16. hxg3 g6 17. Rc1 Qg7 18. Bb1 Bd7 19. a3 Rf6 20. Na4 Raf8 21. Nc5
Bc8 22. Rc3 g5 23. b4 g4 24. Nh2 h5 25. Nxa6 Rh6 26. Nc5 Nxd4 27. Rd3 Nc6 28.
Re1 Ne5 29. Rd4 b6 30. Ne4 Be7 31. Nc3 Bf6 32. Ne2 Nf7 33. Rd3 Be5 34. b5 Bd6
35. Nd4 Ng5 36. Nf1 h4 37. gxh4 Rxh4 38. Ng3 Qh6 39. Kf1 Bc5 40. Rde3 Qf6 41.
Rd3 0-1

[Event "Polar Capital Jersey op"]
[Site "St Helier"]
[Date "2018.03.31"]
[Round "1.6"]
[White "Hebden, Mark L"]
[Black "Okhai, Shabir"]
[Result "1-0"]
[WhiteElo "2454"]
[BlackElo "2090"]
[PlyCount "85"]
[EventDate "2018.03.31"]
[EventType "swiss"]
[EventRounds "9"]
[EventCountry "JCI"]

1. d4 d5 2. Nf3 Nf6 3. e3 e6 4. Bd3 Nbd7 5. O-O Bd6 6. c4 c6 7. Nc3 O-O 8. Qc2
Re8 9. e4 dxe4 10. Nxe4 Nxe4 11. Bxe4 h6 12. Rd1 Qc7 13. Bd2 Nf6 14. Bd3 b6 15.
Qc1 Bf8 16. Bf4 Qe7 17. Be5 Bb7 18. Qf4 Rac8 19. Rac1 Red8 20. c5 Nd7 21. b4
Nxe5 22. Nxe5 g6 23. Qe3 Bg7 24. f4 Bxe5 25. dxe5 Rd5 26. Be4 Rxd1+ 27. Rxd1
Rd8 28. Rd6 bxc5 29. bxc5 Rc8 30. Qd3 Rc7 31. h3 Kg7 32. Kh2 Qe8 33. Rd8 Qe7
34. Qd6 Kh7 35. g3 Kg7 36. g4 Ba6 37. Qxe7 Rxe7 38. Bxc6 Rc7 39. Rd6 Bc4 40. a3
Rc8 41. Kg1 g5 42. f5 Rb8 43. f6+ 1-0

[Event "Polar Capital Jersey op"]
[Site "St Helier"]
[Date "2018.03.31"]
[Round "1.7"]
[White "Held, Thomas"]
[Black "Merry, Alan B"]
[Result "0-1"]
[WhiteElo "2056"]
[BlackElo "2436"]
[PlyCount "44"]
[EventDate "2018.03.31"]
[EventType "swiss"]
[EventRounds "9"]
[EventCountry "JCI"]

1. e4 e6 2. d3 c5 3. Nf3 d5 4. Nbd2 Nc6 5. g3 g6 6. Bg2 Bg7 7. O-O Nge7 8. exd5
Nxd5 9. Nc4 O-O 10. Re1 b6 11. Nce5 Nxe5 12. Nxe5 Bb7 13. c4 Bxe5 14. Rxe5 Qc7
15. Rxd5 exd5 16. cxd5 f6 17. Qa4 Qf7 18. Bh6 Rfd8 19. Re1 Bxd5 20. Bxd5 Rxd5
21. Qc6 Rad8 22. Re6 Qd7 0-1

[Event "Polar Capital Jersey op"]
[Site "St Helier"]
[Date "2018.03.31"]
[Round "1.8"]
[White "Arkell, Keith C"]
[Black "Ahluwalia, Amardip"]
[Result "1-0"]
[WhiteElo "2413"]
[BlackElo "2052"]
[PlyCount "131"]
[EventDate "2018.03.31"]
[EventType "swiss"]
[EventRounds "9"]
[EventCountry "JCI"]

1. d4 d5 2. Nf3 Nf6 3. c4 e6 4. cxd5 exd5 5. Nc3 c6 6. Bg5 Bf5 7. e3 Be7 8.
Bxf6 Bxf6 9. Bd3 Bxd3 10. Qxd3 O-O 11. b4 a6 12. O-O Nd7 13. a4 Nb6 14. b5 axb5
15. axb5 Nc4 16. Nd2 Nxd2 17. Qxd2 Qd6 18. bxc6 bxc6 19. Na4 Be7 20. Nc5 Qc7
21. Nd3 Bd6 22. g3 Rfc8 23. Rac1 Qb6 24. Rc2 Ra3 25. Rfc1 Qa6 26. Nb4 Bxb4 27.
Qxb4 Ra1 28. Qe7 Rxc1+ 29. Rxc1 g6 30. Qd7 Kg7 31. Kg2 h6 32. g4 Kg8 33. Ra1
Qxa1 34. Qxc8+ Kg7 35. Qxc6 Qd1 36. h3 Qb3 37. Qd6 Qc4 38. Qe5+ Kh7 39. Qe7 Kg7
40. Qd7 Qb3 41. Qc7 Qa2 42. Qe5+ Kh7 43. e4 dxe4 44. Qxe4 Qa7 45. Qe5 Kg8 46.
d5 Qd7 47. d6 Qc6+ 48. Kg3 Qc1 49. Qd4 Qg1+ 50. Kf3 Qh1+ 51. Ke2 Qa8 52. d7 Qd8
53. Qd6 Kg7 54. h4 f6 55. Qe6 Kf8 56. f4 Qe7 57. f5 gxf5 58. gxf5 h5 59. Kd1
Qd8 60. Qd6+ Kf7 61. Kc2 Kg7 62. Kd3 Kf7 63. Kc4 Kg8 64. Qc6 Kf7 65. Qc8 Ke7
66. Qxd8+ 1-0

[Event "Polar Capital Jersey op"]
[Site "St Helier"]
[Date "2018.03.31"]
[Round "1.9"]
[White "Hewson, Brian Wr"]
[Black "Eggleston, David J"]
[Result "0-1"]
[WhiteElo "2044"]
[BlackElo "2409"]
[PlyCount "92"]
[EventDate "2018.03.31"]
[EventType "swiss"]
[EventRounds "9"]
[EventCountry "JCI"]

1. d4 Nf6 2. c4 e6 3. Nf3 b6 4. g3 Bb7 5. Bg2 Be7 6. Nc3 O-O 7. O-O d5 8. Ne5
Nbd7 9. Nxd7 Qxd7 10. Bg5 Rfd8 11. cxd5 exd5 12. e3 c5 13. a4 c4 14. Qe2 a6 15.
e4 dxe4 16. Qxc4 Qxd4 17. Qe2 Re8 18. Rfd1 Qe5 19. Be3 Qe6 20. Rd2 Bb4 21. Rad1
Rac8 22. Bd4 Ng4 23. Bh3 h5 24. Bxg4 hxg4 25. Qe3 Rc6 26. Qg5 Bf8 27. Be3 Be7
28. Qd5 Bc5 29. Bxc5 bxc5 30. Re1 f5 31. Qxe6+ Rcxe6 32. Nd5 Re5 33. Ne3 g6 34.
Rc1 Rb8 35. Rd6 Kf7 36. Rb6 Re6 37. Rxe6 Kxe6 38. Rxc5 Rc8 39. Rxc8 Bxc8 40.
Kf1 Bd7 41. a5 g5 42. Ke2 Kd6 43. Nc4+ Kc5 44. Ne5 Be8 45. b3 Kd4 46. Nc4 Bb5
0-1

[Event "Polar Capital Jersey op"]
[Site "St Helier"]
[Date "2018.03.31"]
[Round "1.10"]
[White "van Leusden, Dennis"]
[Black "Vogt, Lothar"]
[Result "0-1"]
[WhiteElo "2035"]
[BlackElo "2402"]
[PlyCount "70"]
[EventDate "2018.03.31"]
[EventType "swiss"]
[EventRounds "9"]
[EventCountry "JCI"]

1. e4 c5 2. Nf3 Nc6 3. d4 cxd4 4. Nxd4 g6 5. c4 Nf6 6. Nc3 d6 7. Be2 Nxd4 8.
Qxd4 Bg7 9. Be3 O-O 10. Qd2 Be6 11. f3 Qa5 12. O-O Rfc8 13. Nd5 Qxd2 14. Bxd2
Nxd5 15. exd5 Bd7 16. Rab1 Bf5 17. Rbd1 Bxb2 18. Bg5 f6 19. Be3 Ba3 20. g4 Bd7
21. Rd3 Bc5 22. Re1 Kf7 23. Bxc5 Rxc5 24. Re3 Re8 25. f4 e5 26. fxe5 Rxe5 27.
Rxe5 dxe5 28. Rb1 b6 29. Rb3 Ra5 30. a3 Ke7 31. Kf2 Rc5 32. Rh3 h5 33. Rh4 Bxg4
34. Bxg4 Rxc4 35. h3 Kd6 0-1

[Event "Polar Capital Jersey op"]
[Site "St Helier"]
[Date "2018.03.31"]
[Round "1.11"]
[White "Verma, Aditya"]
[Black "Wadsworth, Matthew J"]
[Result "0-1"]
[WhiteElo "2002"]
[BlackElo "2354"]
[PlyCount "64"]
[EventDate "2018.03.31"]
[EventType "swiss"]
[EventRounds "9"]
[EventCountry "JCI"]

1. e4 c5 2. Nf3 e6 3. d4 cxd4 4. Nxd4 Nc6 5. Nc3 Qc7 6. g3 a6 7. Bg2 Nf6 8. O-O
Nxd4 9. Qxd4 Bc5 10. Qd1 d6 11. Bf4 h6 12. Qe2 e5 13. Be3 Be6 14. Kh1 b5 15.
Nd5 Bxd5 16. exd5 O-O 17. h3 Rfe8 18. c3 Rab8 19. Rac1 Bxe3 20. Qxe3 e4 21. f3
exf3 22. Qxf3 Re5 23. Qd3 Rbe8 24. Bf3 Qc5 25. Rcd1 h5 26. Qd4 Qc8 27. Kh2 Qf5
28. Bg2 Qg6 29. Bf3 Ne4 30. Bxe4 Rxe4 31. Qg1 Re2+ 32. Rf2 Qc2 0-1

[Event "Polar Capital Jersey op"]
[Site "St Helier"]
[Date "2018.03.31"]
[Round "1.12"]
[White "Ansell, Simon T"]
[Black "Pitcher, Thomas"]
[Result "1-0"]
[WhiteElo "2342"]
[BlackElo "1910"]
[PlyCount "33"]
[EventDate "2018.03.31"]
[EventType "swiss"]
[EventRounds "9"]
[EventCountry "JCI"]

1. e4 c6 2. d4 d5 3. e5 Bf5 4. Nf3 e6 5. Be2 Ne7 6. O-O h6 7. Nbd2 Nd7 8. Nb3
Qc7 9. Bd2 f6 10. exf6 gxf6 11. Nh4 O-O-O 12. c4 Rg8 13. cxd5 exd5 14. Qc1 Bg4
15. Bf4 Qb6 16. Bd3 a5 17. Bg3 1-0

[Event "Polar Capital Jersey op"]
[Site "St Helier"]
[Date "2018.03.31"]
[Round "1.13"]
[White "Kahn, Tito"]
[Black "L'Ami, Alina"]
[Result "0-1"]
[WhiteElo "1897"]
[BlackElo "2306"]
[PlyCount "78"]
[EventDate "2018.03.31"]
[EventType "swiss"]
[EventRounds "9"]
[EventCountry "JCI"]

1. d4 Nf6 2. Bf4 c5 3. d5 d6 4. Nc3 e5 5. dxe6 Bxe6 6. e4 Nc6 7. Nf3 Be7 8. Be2
O-O 9. O-O d5 10. exd5 Nxd5 11. Nxd5 Bxd5 12. c3 Bf6 13. Qc2 Re8 14. Rad1 Qe7
15. Rxd5 Qxe2 16. Rd2 Qc4 17. Be3 b6 18. a3 Re6 19. h3 Rae8 20. Rfd1 g6 21. Rd7
a6 22. R1d6 Nd4 23. Nxd4 cxd4 24. Rxd4 Bxd4 25. Rxd4 Qc6 26. Qd3 b5 27. Rd8 a5
28. Rd4 Re4 29. Rxe4 Rxe4 30. Bd4 Re1+ 31. Kh2 Qc7+ 32. g3 Qc6 33. f3 Qe8 34.
Bf2 Re2 35. Kg1 Rxb2 36. h4 h5 37. g4 hxg4 38. fxg4 Qe2 39. Qd4 Qf3 0-1

[Event "Polar Capital Jersey op"]
[Site "St Helier"]
[Date "2018.03.31"]
[Round "1.14"]
[White "Rudd, Jack"]
[Black "Wojciechowski, Paul"]
[Result "1-0"]
[WhiteElo "2276"]
[BlackElo "1895"]
[PlyCount "63"]
[EventDate "2018.03.31"]
[EventType "swiss"]
[EventRounds "9"]
[EventCountry "JCI"]

1. d4 Nf6 2. c4 g6 3. Nc3 d5 4. Nf3 Bg7 5. Qb3 dxc4 6. Qxc4 c6 7. e4 b5 8. Qb3
O-O 9. e5 Be6 10. exf6 Bxb3 11. fxg7 Kxg7 12. axb3 Nd7 13. Be2 f6 14. O-O Re8
15. Be3 Nb6 16. Ne4 Nd5 17. Bd2 e6 18. Rfc1 Qd7 19. Ra6 Rec8 20. g4 h6 21. h4
e5 22. dxe5 Qxg4+ 23. Ng3 f5 24. Raxc6 Rxc6 25. Rxc6 Nf4 26. Bxf4 Qxf4 27. h5
g5 28. Nd4 Qxe5 29. Ngxf5+ Kf8 30. Re6 Qc5 31. Rf6+ Ke8 32. Bxb5+ 1-0

[Event "Polar Capital Jersey op"]
[Site "St Helier"]
[Date "2018.03.31"]
[Round "1.15"]
[White "Le Quang, Kim"]
[Black "Spanton, Tim R"]
[Result "1/2-1/2"]
[WhiteElo "2267"]
[BlackElo "1851"]
[PlyCount "79"]
[EventDate "2018.03.31"]
[EventType "swiss"]
[EventRounds "9"]
[EventCountry "JCI"]

1. c4 c5 2. g3 g6 3. Bg2 Bg7 4. Nc3 Nc6 5. Nf3 d6 6. O-O e5 7. d3 Nge7 8. a3
O-O 9. Rb1 f5 10. Ne1 a5 11. Nc2 f4 12. e3 fxe3 13. fxe3 Rxf1+ 14. Qxf1 Be6 15.
Ne4 Nf5 16. Bd2 Qe7 17. Qe2 Rf8 18. b4 axb4 19. axb4 Ra8 20. bxc5 dxc5 21. Ra1
Rxa1+ 22. Nxa1 b6 23. Nc2 Bh6 24. Na3 Na5 25. g4 Nh4 26. Bh1 Bg7 27. Nb5 Nb7
28. Be1 Nd8 29. Nc7 Qxc7 30. Bxh4 Qd7 31. Bf3 Nf7 32. h3 Kh8 33. Qa2 h6 34.
Qa8+ Kh7 35. Nf6+ Bxf6 36. Bxf6 Qxd3 37. Qf8 Qxe3+ 38. Kg2 Qd2+ 39. Kg1 Qe3+
40. Kg2 1/2-1/2

[Event "Polar Capital Jersey op"]
[Site "St Helier"]
[Date "2018.03.31"]
[Round "1.16"]
[White "Jaufarally, Nadia"]
[Black "Woudsma, Martijn"]
[Result "0-1"]
[WhiteElo "1849"]
[BlackElo "2262"]
[PlyCount "64"]
[EventDate "2018.03.31"]
[EventType "swiss"]
[EventRounds "9"]
[EventCountry "JCI"]

1. e4 c5 2. Nf3 d6 3. d4 cxd4 4. Nxd4 Nf6 5. Nc3 a6 6. Bc4 e6 7. Bb3 Qc7 8. Be3
b5 9. a3 Nc6 10. f3 Na5 11. Qd2 Bd7 12. O-O Nc4 13. Bxc4 Qxc4 14. Qd3 Rc8 15.
Rac1 Be7 16. Nb1 O-O 17. b3 Qc7 18. c4 Qb8 19. cxb5 axb5 20. b4 d5 21. exd5
Nxd5 22. Nf5 Bf6 23. Bc5 Rfd8 24. Nd6 Rc6 25. Rfd1 Rxd6 26. Bxd6 Qxd6 27. Nc3
Bxc3 28. Rxc3 Qe5 29. Rc5 g5 30. h3 Be8 31. Kh1 Qg3 32. Qe2 Nf4 0-1

[Event "Polar Capital Jersey op"]
[Site "St Helier"]
[Date "2018.03.31"]
[Round "1.17"]
[White "Kabos, Tobias"]
[Black "Pugh, Glyn D"]
[Result "1-0"]
[WhiteElo "2253"]
[BlackElo "1847"]
[PlyCount "75"]
[EventDate "2018.03.31"]
[EventType "swiss"]
[EventRounds "9"]
[EventCountry "JCI"]

1. e4 e6 2. d4 d5 3. Nc3 Bb4 4. exd5 exd5 5. Bd3 Nc6 6. a3 Be7 7. Nf3 Bg4 8.
Be3 Bf6 9. Bb5 Nge7 10. h3 Be6 11. g4 h6 12. Qd2 a6 13. Bd3 Qd7 14. Ne2 g5 15.
Ng3 Rf8 16. Be2 O-O-O 17. O-O-O Kb8 18. Ne1 Rg8 19. Kb1 Nc8 20. Nd3 Nd6 21. Nc5
Qc8 22. b3 Ne4 23. Ngxe4 dxe4 24. Qc3 Bd5 25. Bc4 Rge8 26. Nxa6+ bxa6 27. Bxd5
Rxd5 28. Qxc6 Rd6 29. Qc4 Red8 30. b4 Qb7 31. Qxf7 Bxd4 32. Rxd4 Rxd4 33. Bxd4
Rxd4 34. Qf8+ Ka7 35. Qc5+ Qb6 36. Qxb6+ Kxb6 37. Kb2 Rd2 38. Re1 1-0

[Event "Polar Capital Jersey op"]
[Site "St Helier"]
[Date "2018.03.31"]
[Round "1.18"]
[White "Livesey, R  Nigel"]
[Black "Mitchell, Martin"]
[Result "1-0"]
[WhiteElo "1753"]
[BlackElo "2237"]
[PlyCount "61"]
[EventDate "2018.03.31"]
[EventType "swiss"]
[EventRounds "9"]
[EventCountry "JCI"]

1. c4 Nf6 2. g3 e6 3. Bg2 d5 4. Nf3 g6 5. O-O Bg7 6. d4 O-O 7. Nc3 Re8 8. b3
dxc4 9. bxc4 c5 10. e3 Bd7 11. Rb1 Bc6 12. Qb3 Ne4 13. Bb2 Nxc3 14. Bxc3 Be4
15. Rb2 cxd4 16. exd4 Nc6 17. Rd1 Bxf3 18. Bxf3 Nxd4 19. Bxd4 Bxd4 20. Rbd2 e5
21. Qxb7 Rc8 22. Bd5 Re7 23. Qa6 Rc5 24. Qf6 Qe8 25. Rb1 Rc8 26. Kg2 Bb6 27.
Re2 Bd8 28. Ree1 Re6 29. Qf3 Rf6 30. Qc3 Rd6 31. Rxe5 1-0

[Event "Polar Capital Jersey op"]
[Site "St Helier"]
[Date "2018.03.31"]
[Round "1.19"]
[White "Heppell, Ian N"]
[Black "Bryant, Richard BE"]
[Result "1/2-1/2"]
[WhiteElo "2035"]
[BlackElo "1932"]
[PlyCount "39"]
[EventDate "2018.03.31"]
[EventType "swiss"]
[EventRounds "9"]
[EventCountry "JCI"]

1. e4 e6 2. d4 d5 3. Nc3 Bb4 4. Bd3 dxe4 5. Bxe4 Nf6 6. Bg5 c5 7. Nge2 cxd4 8.
Nxd4 Bxc3+ 9. bxc3 Qa5 10. Bxf6 gxf6 11. O-O Nd7 12. Re1 O-O 13. Re3 f5 14. Qh5
Kh8 15. Rg3 Qd8 16. Bd3 Nf6 17. Qh4 Ne4 18. Qxd8 Rxd8 19. Bxe4 fxe4 20. Re1
1/2-1/2

[Event "Polar Capital Jersey op"]
[Site "St Helier"]
[Date "2018.04.01"]
[Round "2.1"]
[White "Vakhidov, Jakhongir"]
[Black "Ansell, Simon T"]
[Result "1/2-1/2"]
[WhiteElo "2542"]
[BlackElo "2342"]
[PlyCount "102"]
[EventDate "2018.03.31"]
[EventType "swiss"]
[EventRounds "9"]
[EventCountry "JCI"]

1. d4 d5 2. c4 c6 3. Nc3 dxc4 4. e3 b5 5. a4 b4 6. Ne4 Qd5 7. Nd2 Ba6 8. Ne2 e5
9. dxe5 c3 10. bxc3 Qxe5 11. Qc2 Nf6 12. Bb2 Qa5 13. Nb3 Qc7 14. O-O-O Nbd7 15.
cxb4 Bxb4 16. g4 h6 17. h4 c5 18. Ned4 c4 19. Nb5 Bxb5 20. axb5 Rc8 21. Nd4 c3
22. Ba1 Qa5 23. Kb1 Ne5 24. Nb3 Qa3 25. Rd4 Nf3 26. Rc4 O-O 27. Rxc8 Ne1 28.
Qa2 Rxc8 29. Qxa3 Bxa3 30. Ka2 Bb4 31. g5 Ne4 32. Bh3 Nxf2 33. Bxc8 Nxh1 34.
Nc1 Nf2 35. gxh6 g6 36. Kb3 Bc5 37. Bxc3 Nf3 38. Bb7 Nxh4 39. Bd5 Bxe3 40.
Bxf7+ Kh7 41. Ne2 Nf5 42. Ka4 Kxh6 43. Bd5 g5 44. Ka5 g4 45. Ka6 Nd3 46. Bc4
Nc5+ 47. Kxa7 Nd6 48. Bd5 Nxb5+ 49. Kb8 Nd7+ 50. Kb7 Nxc3 51. Nxc3 Nf6 1/2-1/2

[Event "Polar Capital Jersey op"]
[Site "St Helier"]
[Date "2018.04.01"]
[Round "2.2"]
[White "Eggleston, David J"]
[Black "Hillarp Persson, Tiger"]
[Result "1/2-1/2"]
[WhiteElo "2409"]
[BlackElo "2541"]
[PlyCount "84"]
[EventDate "2018.03.31"]
[EventType "swiss"]
[EventRounds "9"]
[EventCountry "JCI"]

1. e4 c5 2. Nf3 e6 3. d4 cxd4 4. Nxd4 a6 5. Nc3 Qc7 6. Bd3 Nc6 7. Nxc6 dxc6 8.
Be3 Nf6 9. O-O e5 10. Na4 Be6 11. c4 Be7 12. c5 Rd8 13. Qc2 Ng4 14. Bc1 O-O 15.
h3 Nf6 16. Be3 Nh5 17. Bc4 Nf4 18. Nb6 Bxc4 19. Qxc4 Ne6 20. b4 Bg5 21. Bxg5
Nxg5 22. Rad1 Ne6 23. Qc2 Nd4 24. Qb2 a5 25. a3 axb4 26. axb4 Qe7 27. Nc4 Qe6
28. Nd6 b6 29. f4 bxc5 30. bxc5 Rb8 31. Qf2 f6 32. Rb1 g6 33. Kh2 f5 34. exf5
Nxf5 35. Rxb8 Rxb8 36. Re1 Nxd6 37. Rxe5 Qf6 38. cxd6 Qxd6 39. Qg3 Rf8 40. f5
Kg7 41. Re6 Qxg3+ 42. Kxg3 Rxf5 1/2-1/2

[Event "Polar Capital Jersey op"]
[Site "St Helier"]
[Date "2018.04.01"]
[Round "2.3"]
[White "Pruijssers, Roeland"]
[Black "Rudd, Jack"]
[Result "1-0"]
[WhiteElo "2523"]
[BlackElo "2276"]
[PlyCount "65"]
[EventDate "2018.03.31"]
[EventType "swiss"]
[EventRounds "9"]
[EventCountry "JCI"]

1. e4 e5 2. Nf3 Nc6 3. Bb5 Nf6 4. d3 Bc5 5. c3 Qe7 6. O-O O-O 7. h3 a6 8. Ba4
b5 9. Bc2 d6 10. Re1 h6 11. Nbd2 Bb6 12. Nf1 Rd8 13. Ng3 Qf8 14. d4 Ne7 15. Be3
Ng6 16. a4 bxa4 17. Rxa4 c5 18. d5 Bd7 19. Ra2 Nf4 20. Qd2 g5 21. Rea1 a5 22.
Ba4 Rab8 23. Bxd7 Rxd7 24. Qc2 Rdb7 25. Nd2 Bc7 26. Nc4 Qd8 27. Nf5 Kh7 28.
Bxf4 gxf4 29. g3 fxg3 30. fxg3 Qg8 31. Kh2 Ne8 32. Rf1 Qg6 33. Ne7 1-0

[Event "Polar Capital Jersey op"]
[Site "St Helier"]
[Date "2018.04.01"]
[Round "2.4"]
[White "Vogt, Lothar"]
[Black "Speelman, Jon S"]
[Result "1/2-1/2"]
[WhiteElo "2402"]
[BlackElo "2501"]
[PlyCount "25"]
[EventDate "2018.03.31"]
[EventType "swiss"]
[EventRounds "9"]
[EventCountry "JCI"]

1. e4 e6 2. d4 d5 3. Nc3 Nf6 4. Bg5 dxe4 5. Nxe4 Nbd7 6. Nf3 h6 7. Nxf6+ Nxf6
8. Be3 Bd6 9. Bd3 Bd7 10. O-O Bc6 11. Qe2 Ng4 12. Bb5 Bd7 13. Bd2 1/2-1/2

[Event "Polar Capital Jersey op"]
[Site "St Helier"]
[Date "2018.04.01"]
[Round "2.6"]
[White "Wadsworth, Matthew J"]
[Black "Hebden, Mark L"]
[Result "1/2-1/2"]
[WhiteElo "2354"]
[BlackElo "2454"]
[PlyCount "123"]
[EventDate "2018.03.31"]
[EventType "swiss"]
[EventRounds "9"]
[EventCountry "JCI"]

1. g3 g6 2. Bg2 Bg7 3. e4 c5 4. Ne2 Nc6 5. c3 d6 6. O-O e5 7. d3 Nge7 8. Be3
O-O 9. Nd2 b6 10. a4 d5 11. exd5 Nxd5 12. Nc4 Be6 13. Qc1 Nxe3 14. Qxe3 Bd5 15.
Rfd1 Bxg2 16. Kxg2 Qd5+ 17. Qe4 Qe6 18. Ne3 Rad8 19. Qc4 Qd7 20. h4 Rfe8 21. h5
Nd4 22. Ng1 Qb7+ 23. f3 Ne6 24. hxg6 hxg6 25. Nh3 Rd7 26. Qh4 Qa8 27. a5 b5 28.
Ng4 Qd8 29. Qxd8 Rexd8 30. Nhf2 f5 31. Ne3 Bh6 32. Re1 Kf7 33. a6 Nc7 34. c4 b4
35. Ra5 Bf8 36. g4 Kf6 37. Rh1 Rxd3 38. Nxd3 Rxd3 39. Rh7 Bd6 40. Nf1 e4 41.
fxe4 fxe4 42. g5+ Ke5 43. Kf2 Kd4 44. Ke2 Kxc4 45. Nd2+ Kd5 46. Nxe4 Rb3 47.
Nxc5 Rxb2+ 48. Kd3 Kc6 49. Ne4 b3 50. Ra4 Rc2 51. Nxd6 Kxd6 52. Rb4 Nxa6 53.
Rxb3 Rg2 54. Rb5 Nc5+ 55. Ke3 Rxg5 56. Rxa7 Re5+ 57. Kf3 Kc6 58. Rb1 g5 59. Ra5
Kd6 60. Rb6+ Kd5 61. Rbb5 Kc6 62. Rxc5+ 1/2-1/2

[Event "Polar Capital Jersey op"]
[Site "St Helier"]
[Date "2018.04.01"]
[Round "2.7"]
[White "Merry, Alan B"]
[Black "Livesey, R  Nigel"]
[Result "1-0"]
[WhiteElo "2436"]
[BlackElo "1753"]
[PlyCount "67"]
[EventDate "2018.03.31"]
[EventType "swiss"]
[EventRounds "9"]
[EventCountry "JCI"]

1. e4 c6 2. d4 d5 3. Nd2 dxe4 4. Nxe4 g6 5. Nf3 Bg7 6. Bc4 Nh6 7. Bxh6 Bxh6 8.
h4 Qa5+ 9. c3 Bf5 10. Neg5 Bxg5 11. Nxg5 f6 12. Ne6 Bxe6 13. Bxe6 Nd7 14. Qe2
O-O-O 15. O-O-O Kb8 16. Rhe1 Nb6 17. Bb3 Rd7 18. Qe6 Rhd8 19. g3 c5 20. dxc5
Qxc5 21. Rxd7 Rxd7 22. Re2 Qh5 23. Ba4 Rc7 24. Rd2 Qh6 25. f4 Qf8 26. Bb3 Rc6
27. Qe4 Qc8 28. Qxe7 Qc7 29. Rd8+ Nc8 30. Qxc7+ Kxc7 31. Rh8 h5 32. Rh7+ Kb6
33. Rg7 f5 34. Bd5 1-0

[Event "Polar Capital Jersey op"]
[Site "St Helier"]
[Date "2018.04.01"]
[Round "2.8"]
[White "L'Ami, Alina"]
[Black "Arkell, Keith C"]
[Result "1/2-1/2"]
[WhiteElo "2306"]
[BlackElo "2413"]
[PlyCount "80"]
[EventDate "2018.03.31"]
[EventType "swiss"]
[EventRounds "9"]
[EventCountry "JCI"]

1. d4 g6 2. c4 Bg7 3. Nc3 d6 4. e4 Nc6 5. Be3 e5 6. d5 Nd4 7. Nge2 Nxe2 8. Bxe2
f5 9. exf5 Bxf5 10. g4 Bd7 11. h4 b6 12. Ne4 Nf6 13. Bg5 h6 14. Bxf6 Bxf6 15.
h5 g5 16. b4 O-O 17. c5 bxc5 18. bxc5 dxc5 19. Qc2 Bg7 20. O-O Rf4 21. f3 Rb8
22. Rab1 Rb6 23. Kg2 Kh8 24. a4 Rb4 25. Qxc5 Rxa4 26. d6 cxd6 27. Qxd6 Rf8 28.
Rfd1 Rd4 29. Rxd4 exd4 30. Rb7 Bc8 31. Rxa7 Qxd6 32. Nxd6 Be6 33. Bd3 Rb8 34.
Re7 Bg8 35. Nf5 Bf6 36. Rd7 Be6 37. Rd6 Bxf5 38. Bxf5 Kg7 39. Rd7+ Kf8 40. Kf2
Rd8 1/2-1/2